Rzeki w Wielkiej Brytanii - quiz na mapie - Statystyki

Ogólne statystyki
  • Ten quiz został rozwiązany 56 razy
  • Średni wynik to 3 z 12
Odpowiedzi na mapie
Odpowiedzi zakodowano w zielono-czerwonej skali na mapie do tego quizu, zgodnie z poniższymi procentami.
 
Statystyki odpowiedzi
Odpowiedź % Poprawnych
Tamiza
77%
Severn
43%
Clyde
31%
Trent
31%
Aire
20%
Tay
20%
Tyne
20%
Bann
14%
Tweed
11%
Wye
11%
Spey
9%
Great Ouse
6%
Nie znaleziono quizów pasujących do podanych kryteriów
Rozkład punktacji
Procent ludzi z każdym wynikiem
Percentyl według liczby udzielonych odpowiedzi
Twoja historia wyników
Nie rozwiązałeś tego quizu